000 00873cab a2200253 4500
001 WB3411-35
008 090401t1998 xxu||||| |||| 00| 0 eng d
035 _a(Sirsi) u85030
041 _aeng
245 _aHomes lose out
260 _c1998
350 _a0
490 _aEstates Gazette
_v(9811) 14 March 1998, 52(1)
520 _aA report from London Residential Research reveals that a strong office market, a tougher planning system and higher sales risks are reducing profit margins in the residential development market.
650 _aHOUSING MARKET
650 _aLONDON RESIDENTIAL RESEARCH
650 _aOFFICE CONVERSIONS
650 _aPROPERTY-COMMERCIAL PROPERTY-OFFICE PROPERTY-OFFICE PROPERTY MARKET
650 _aRESIDENTIAL DEVELOPMENT
650 _aRESIDENTIAL MARKET
690 _aHOUSING-DEVELOPMENT
942 _n0
948 _c18/03/1998
999 _c53453
_d53453